000 01656nam a2200481 i 4500
001 36146
003 KOSZ 005
005 20210818131240.0
008 210416s1999 pl f |000 0 pol
015 _aUWD 1999/18842
020 _a8387673676
035 _a991012205529705066
035 _a(PL-WaBN)b13306121-48omnis_nlop
035 _ab13306121
035 _a(OCoLC)830233020
035 _a(PL)b0000001330612
035 _a(EXLNZ-48OMNIS_NETWORK)9910405372105606
040 _aWA N
_cWA N
_dKOSZ 005/RW
046 _k1999
080 _a341.22(438:100)
080 _a351.85(438:100)
080 _a347.78(438:100)
100 1 _aSobczak, Jacek
_d(1946- )
_eAutor
245 1 0 _aPrawo środków masowej informacji :
_bprasa, radio, telewizja /
_cJacek Sobczak.
260 _aToruń :
_bTowarzystwo Naukowe Organizacji i Kierownictwa "Dom Organizatora",
_c1999.
300 _a509 stron ;
_c24 cm.
336 _aTekst
_btxt
_2rdacontent
337 _aBez urządzenia pośredniczącego
_bn
_2rdamedia
338 _aWolumin
_bnc
_2rdacarrier
380 _aKsiążki
380 _aPublikacje fachowe
388 1 _a1901-2000
388 1 _a1989-2000
650 7 _aPrawo autorskie
_2DBN
650 7 _aPrawo międzynarodowe
650 7 _aŚrodki masowego przekazu
_2DBN
651 7 _aPolska
658 _aPrawo i wymiar sprawiedliwości
710 2 _aDom Organizatora w Toruniu (Towarzystwo Naukowe Organizacji i Kierownictwa)
_4pbl
856 _uhttp://koha.tu.koszalin.pl/cgi-bin/koha/opac-detail.pl?biblionumber=36146
_yKatalog online BPK
942 _2UKD
_cKS
999 _c36146
_d36146